Statistiques concernant Focus sur: Galion - Tolkien

Cliquez ici pour prendre le quiz!

Statistiques générales

  • Ce quiz a été pris 8 fois
  • Le résultat moyen est 5 sur 9

Statistiques - réponses

Informations recherchéesRéponses% Correct
EspèceElfe
100%
Première apparitionLe Hobbit
88%
Age durant lequel il vécutTroisième (au moins)
88%
ForêtForêt de Grand'Peur
75%
Couleur des cheveuxNoir
75%
Groupe de l'espèceSindar
63%
RoyaumeRoyaume Sylvestre
13%
Acteur l'interprétant dans les filmsCraig Hall
0%
Profession et titreSommelier du roi des elfes sylvains
0%

Distribution des résultats

Percentile par nombre de réponses

% des personnes avec chaque résultat

Votre développement - résultats

Vous n’avez pas pris ce quiz